Most densely populated countries - Statistics

General Stats
  • This quiz has been taken 27 times
  • The average score is 9 of 15
Answers on the Map
Answers color-coded by a green-red scale on the quiz's map according to % correct below.
 
Answer Stats
Answer % Correct
Monaco
92%
Singapore
79%
Bangladesh
75%
San Marino
67%
South Korea
63%
Taiwan
63%
Vatican City
63%
Malta
58%
Bahrain
54%
Lebanon
50%
Maldives
50%
Barbados
38%
Nauru
38%
Mauritius
33%
Rwanda
33%
No matching quizzes found
Score Distribution
Percent of People with Each Score
Percentile by Number Answered
Your Score History
You have not taken this quiz